Better single than sorry : a no-regrets guide to loving yourself & never settling (Record no. 114483)

MARC details
000 -LEADER
fixed length control field 00672nam a2200229Ia 4500
008 - FIXED-LENGTH DATA ELEMENTS--GENERAL INFORMATION
fixed length control field 191130s2007##################000#0#eng##
020 ## - INTERNATIONAL STANDARD BOOK NUMBER
ISBN 9780061228070
082 ## - DEWEY DECIMAL CLASSIFICATION NUMBER
Classification number 306.8153 SCH
100 ## - MAIN ENTRY--AUTHOR NAME
Personal name Schefft, Jen
245 ## - TITLE STATEMENT
Title Better single than sorry : a no-regrets guide to loving yourself & never settling
Statement of responsibility, etc Jen Schefft
250 ## - EDITION STATEMENT
Edition statement 1st ed
260 ## - PUBLICATION, DISTRIBUTION, ETC. (IMPRINT)
Place of publication New York
Name of publisher W. Morrow
Year of publication c2007
300 ## - PHYSICAL DESCRIPTION
Number of Pages x, 272 p. ; 22 cm
650 ## - SUBJECT ADDED ENTRY--TOPICAL TERM
Topical Term Man-woman relationships
Topical Term Single women
Topical Term Single women - Conduct of life
991 ## -
-- 210845
Holdings
Withdrawn status Lost status Damaged status Not for loan Home library Current library Shelving location Date acquired Full call number Accession Number Price effective from Koha item type
        Anna Centenary Library Anna Centenary Library 3RD FLOOR, B WING 12.10.2020 306.8153 SCH 493863 12.10.2020 English Books

Find us on the map